| 000 | 00368nam a22001457a 4500 | ||
|---|---|---|---|
| 082 |
_a920 _bVIJ/N |
||
| 100 | _aVIJAY, NIMNA | ||
| 245 | _aNANAYUVAN NJAN KADALAKUNNU | ||
| 246 |
_aNANAYUVAN NJAN KADALAKUNNU _b NANAYUVAN NJAN KADALAKUNNU |
||
| 260 |
_aCALICUT,INDIA _bMANKIND _c2024 |
||
| 300 | _a168 | ||
| 520 | _aMEMOIR | ||
| 650 | _aMALAYALAM MEMOIR | ||
| 942 | _cBK | ||
| 999 |
_c8675 _d8675 |
||